| 000 | 00858nam a2200229 a 4500 | ||
|---|---|---|---|
| 001 | 21367 | ||
| 003 | CO-ViMGA | ||
| 008 | 141112s2004 ck r 000 u spa d | ||
| 020 | _a9583504718 | ||
| 040 |
_aCO-ViMGA _bspa _cCO-ViMGA |
||
| 082 | 0 | 4 | _a345 V351m |
| 100 | 1 |
_aVelásquez Velásquez, Fernando _930508 |
|
| 245 | 1 | 0 |
_aManual de derecho penal : _bParte general |
| 250 | _a2 | ||
| 260 |
_aBogotá; Temis, _c2004 |
||
| 300 | _a709 | ||
| 505 | _aEl dercho penal subjetivo y sus límites 22 - - La norma penal 102 - - La teoría del delito 210 - - La antijuridicidad 341 - - El metodo del caso 649 | ||
| 590 | _aForma de adquisición : Compra fact. 0863 - - Precio : 92000 - - Proveedor : Temas y libros - - Fecha de adquisición : Mayo 2007 | ||
| 650 | 1 | 4 | _aDERECHO PENAL - COLOMBIA |
| 650 | 1 | 4 |
_aDERECHO PENAL - MANUALES _930509 |
| 942 |
_2ddc _cBK |
||
| 999 |
_c29986 _d29986 |
||